Mégis kinek a dolga? (foglalkoztatási útkeresés Ózdon).
Riešenie otázok nezamestnanosti v niektorých regiónoch Maďarska. Na príklade mesta Ózd (hutníctvo) poukázané na konkrétne problémy. Vzťah štátu a miestnej správy. Životná úroveň pracovníkov v hutníctve. Finančné otázky, vypracovanie koncepcie postupnej plnej zamestnanosti. Povinnosti miestnych zastu...
Uložené v:
| Hlavný autor: | |
|---|---|
| Médium: | Kapitola |
| Jazyk: | Hungarian |
| Predmet: | |
| Tagy: |
Žiadne tagy, Buďte prvý, kto otaguje tento záznam!
|
MARC
| LEADER | 00000naa a2200000 4500 | ||
|---|---|---|---|
| 001 | r005299 | ||
| 005 | 20221125113926.3 | ||
| 041 | 0 | |a hun | |
| 044 | |a HU | ||
| 245 | 1 | 0 | |a Mégis kinek a dolga? (foglalkoztatási útkeresés Ózdon). |c I. Kormos |
| 520 | |a Riešenie otázok nezamestnanosti v niektorých regiónoch Maďarska. Na príklade mesta Ózd (hutníctvo) poukázané na konkrétne problémy. Vzťah štátu a miestnej správy. Životná úroveň pracovníkov v hutníctve. Finančné otázky, vypracovanie koncepcie postupnej plnej zamestnanosti. Povinnosti miestnych zastupiteľstiev. | ||
| 610 | 2 | 0 | |a zamestnanosť |
| 610 | 2 | 0 | |a správa miestna |
| 610 | 2 | 0 | |a hutníctvo |
| 610 | 2 | 0 | |a MR |
| 610 | 2 | 0 | |a úroveň životná |
| 100 | 1 | |a Kormos, I. | |